| 000 | 00539nam a22001577a 4500 | ||
|---|---|---|---|
| 003 | NUST | ||
| 038 | _aNusrat Nadeem | ||
| 082 | _a200 | ||
| 100 |
_aMaryam, Ayesha _9132693 |
||
| 245 |
_aAdvanced Brain Tumor Detection and Segmentation in MRI Imaging using Deep Learning and Explainable AI/ _cAyesha Maryam, |
||
| 264 |
_aIslamabad: _bSEECS NUST. _c2025. |
||
| 650 |
_aMS-Data Science _9123017 |
||
| 700 |
_aSupervisor: Dr. Hashir Moheed Kiani _997357 |
||
| 856 | _uhttp://10.250.8.41:8080/xmlui/handle/123456789/57072 | ||
| 942 |
_2ddc _cSC |
||
| 999 |
_c615763 _d615763 |
||